000 02866 a2200265 4500
001 43889
005 20260407155720.0
008 260407a2010 arg spa d
003 AR-UNSa-BCEJYS
040 _aAR-UNSa-BCEJYS
_bspa
_cAR-UNSa-BCEJYS
080 _a336.741.2
_xNaturaleza de la moneda. Teoría general del dinero
245 1 0 _aTratado sobre el dinero
020 _a978-84-9756-689-6
264 1 _aMadrid :
_bFundación ICO
_c2010
300 _axlii, 695 p.
_c22 cm.
505 _a1. La clasificación del dinero - 2. El dinero bancario - 3. El análisis del dinero bancario - 4. El poder de compra del dinero - 5. La diversidad de niveles de precios secundarios - 6. Patrones monetarios - 7. La difusión de los niveles de precios - 8. La teoría de las comparaciones del poder de compra - 9. Algunas definiciones - 10. Las ecuaciones fundamentales del valor del dinero - 11. Las condiciones de equilibrio - 12. Una aclaración más sobre la distinción entre ahorro e inversión - 13. El "modus operandi" del tipo bancario - 14. Formas alternativas de las ecuaciones fudamentales - 15. La circulación industrial y la circulación financiera - 16. Clasificación de las causas de un desequilibrio del poder de compra - 17. Cambios debidos a factores monetarios - 18. Cambios debidos a factores relacionados con la inversión - 19. Algunos aspectos especiales del ciclo del crédito - 20. Un ejercicio de teoría pura del ciclo del crédito - 21. Cambios debidos a un desequilibrio internacional - 22. La teoría aplicada del dinero - 23. La proporción de depósitos de ahorro en relación con los depósitos de efectivo - 24. Las velocidades de circulación - 25. El cociente entre el dinero bancario y las reservas - 26. La actividad económica - 27. Fluctuaciones de la tasa de inversión. I. El capital fijo - 28. Fluctuaciones de la tasa de inversión. II. El capital circulante - 29. Fluctuaciones de la tasa de inversión. III. El capital líquido - 30. Ejemplos históricos - 31. El problema de la gestión del dinero - 32. Métodos de gestión nacional. I. El control de los bancos miembros - 33. Métodos de gestión nacional. II. La regulación de las reservas centrales - 34. Métodos de gestión internacional. I. Las relaciones entre los bancos centrales - 35. Métodos de gestión internacional. II. El patrón oro - 36. Métodos de gestión internacional. III. El problema de la autonomía nacional - 37. Métodos de gestión nacional. III. El control de la tasa de inversión - 38. Problemas de la gestión supranacional
041 _aspa
942 _cBK
590 _aniveau_biblio:m niveau_hierar:0
100 1 _aRabasco, María Esther
700 1 _aKeynes, John Maynard
650 _aKEYNES
856 4 1 _uhttps://biblioeco.unsa.edu.ar/pmb/images/libros/L126837.jpg
_yImagen de portada
_qimage/jpeg
650 _a keynes
999 _c3746
_d3746